000 005260000a22001810004500
003 MACL
005 20160226123135.0
008 160226b xxu||||| |||| 00| 0 eng d
040 _aMACL
_cMACL
041 _aHindi
082 _a800
100 _aपाण्‍डेय बेचन शर्मा
_940581
245 _aचाकलेट
260 _bइन्‍दप्रस्‍थ प्रकाशन
_c1980
_aदिल्‍ली
350 _a12
650 _aLiteracture
_939932
942 _cHIN
_k800
_2ddc
999 _c27617
_d27617